000
00393nam a2200133Ia 4500
008
151001s9999||||xx |||||||||||||| ||und||
100
_a
कुमुदिनी रांगणेकर
245
_a
आग्यावेताळ
250
_a
1
260
_b
गुलमोहर प्रकाशन सातारा
260
_c
1988
300
_a
139
365
_b
18
999
_c
970596
_d
970593